| 000 | 01231nam a2200145Ia 4500 | ||
|---|---|---|---|
| 005 | 20260209120130.0 | ||
| 008 | 260209s9999||||xx |||||||||||||| ||und|| | ||
| 100 | _aNidhi Chauhan | ||
| 245 | 0 | _aCompetition impact assessment (CIA) and its key impediments in other sectors | |
| 260 |
_aBangaloreBangalore _bNLSIU _c2012 |
||
| 300 | _a96 p. ; 25 cm. | ||
| 505 | _aTABLE OF CONTENTS Acknowledgement ; Abbreviations ; List Of Cases ; Background Of The Study ; Scope Of The Study ; Research Questions; Hypothesis; Research Methodology ; Source Of Data; Chapterisation ; Introduction; Chapter 1; Competition Impact Assessment ; Conclusion ; Chapter 2 ; Competition Impact Assessment And Sectoral Study ; Civil Aviation Sector ; Road Transport Sector; Pharmaceutical Sector ; Chapter 3; Competition And Regulatory Overlaps ; Introduction ; Rationale For Regulation And Its Typology ; Typology Of Regulation In India ; Sector Regulation In India ; Sectoral Regulator In India – Overview; Banking Sector ; Insurance Sector ; Telecom Sector ; Aviation Sector ; Overlapping- Real Or Imagined?; Conclusion; Bibliography; | ||
| 700 | _aDr. Sairam Bhat - GuideDr. Sairam Bhat - Guide | ||
| 856 | _uhttps://dans.nls.ac.in/handle/123456789/1853 | ||
| 999 |
_c217032 _d217032 |
||